Knjaz' Fedir: istoryčnyj i lehendarnyj

Bibliographic Details
Main Author: Timkov, Mykola (Author)
Format: Article
Language:Ukrainian
PhysicalDescription:Obr. 1
Subjects:

MARC

LEADER 00000nab a2200000 a 4500
001 vtls000642808
003 SK-MaSNL
005 20260426025546.0
008 160321c1997 xo 0 ukr
015 |a SNBRB19rr/mm-uuuuu 
035 |a CL0642947 
040 |a SNKBUCL  |b slo  |c SNKBUCL  |e AACR2 
041 0 |a ukr 
044 |a xo  |c SK 
080 |a 943.76"13/14":947.787"13/14"  |2 1981 
080 |a 947.787"13/14"  |2 1981 
100 1 |a Timkov, Mykola  |4 aut  |9 898425 
245 1 0 |a Knjaz' Fedir: istoryčnyj i lehendarnyj  |c Mykola Timkov 
300 |b Obr. 1 
600 1 7 |a Korjatovyč, Fedir  |d 1320-1417  |x profily  |2 snkbucl  |9 898426 
650 0 7 |a Korjatovyč, Fedir  |2 snkbucl  |9 898427 
651 7 |a 5400  |2 snkbucl  |9 279426 
651 7 |a Zakarpatská Ukrajina  |2 snkbucl  |9 55422 
651 7 |a Slovensko východné  |2 snkbucl  |9 161134 
655 7 |a články z novín a časopisov  |2 snkbucl  |9 267496 
773 0 |t Nove žyttja  |g Roč. 47, č. 39-40 (1997), s. 8 
850 |a Slovenská národná knižnica v Martine  |a POA001 
852 |a SNK  |b KIS3GCP 
958 |a UK 
958 |a UA 
958 |a BC 
958 |a RK 
958 |a RBX 
999 |c 1423713  |d 1425643